A. Lincoln : (Record no. 144)

MARC details
000 -CABECERA
campo de control de longitud fija 00500nam a2200169 a 4500
005 - FECHA Y HORA DE LA ÚLTIMA TRANSACCIÓN
campo de control 20210223120409.0
008 - ELEMENTOS DE LONGITUD FIJA--INFORMACIÓN GENERAL
campo de control de longitud fija 991125s1970 ea 000 0 spa u
035 ## - NÚMERO DE CONTROL DEL SISTEMA
Número de control de sistema UPN01000000144
049 ## - COLECCIÓN
Colección F
050 #4 - SIGNATURA TOPOGRÁFICA DE LA BIBLIOTECA DEL CONGRESO
Número de clasificación E457
Número de documento/Ítem A4.4
245 00 - MENCIÓN DE TÍTULO
Título A. Lincoln :
Resto del título hombre del pueblo.
260 ## - PUBLICACIÓN, DISTRIBUCIÓN, ETC.
Lugar de publicación, distribución, etc. Estados Unidos :
Nombre del editor, distribuidor, etc. Servicio de Información de los Estados Unidos,
Fecha de publicación, distribución, etc. [1970?].
300 ## - DESCRIPCIÓN FÍSICA
Extensión [16] p. :
Otras características físicas il.
500 ## - NOTA GENERAL
Nota general Datos tomados de la cubierta
600 14 - ASIENTO SECUNDARIO DE MATERIA - NOMBRE PERSONAL
Nombre de persona LINCOLN, ABRAHAM,
Fechas asociadas al nombre 1809-1865
9 (RLIN) 10758
905 ## - TIPO DE MATERIAL
Tipo de material Libro
Holdings
Estado de retiro Estado de pérdida Fuente del sistema de clasificación o colocación Estado dañado No para préstamo Código de colección Localización permanente Ubicación/localización actual Ubicación en estantería Fecha de adquisición Clasificación Código de barras Fecha visto por última vez Número de copia Tipo de ítem Koha
    Library of Congress Classification   Disponible (Préstamo en sala) Folletería Bib. Gregorio Torres Quintero Bib. Gregorio Torres Quintero Colecciones especiales Planta alta 03/05/2023 E457 A4.4 147397 31/12/2020 1 Folleto